| 000 -LEADER |
| fixed length control field |
00769cam a2200265 a 4500 |
| 001 - CONTROL NUMBER |
| control field |
16908283 |
| 005 - DATE AND TIME OF LATEST TRANSACTION |
| control field |
20180215093007.0 |
| 008 - FIXED-LENGTH DATA ELEMENTS--GENERAL INFORMATION |
| fixed length control field |
110808s2012 nyuab b 001 0 eng c |
| 010 ## - LIBRARY OF CONGRESS CONTROL NUMBER |
| LC control number |
2011936039 |
| 020 ## - INTERNATIONAL STANDARD BOOK NUMBER |
| International Standard Book Number |
9781429223287 |
| 020 ## - INTERNATIONAL STANDARD BOOK NUMBER |
| International Standard Book Number |
1429223286 |
| 035 ## - SYSTEM CONTROL NUMBER |
| System control number |
(OCoLC)ocn773126692 |
| 040 ## - CATALOGING SOURCE |
| Original cataloging agency |
OKS |
| Transcribing agency |
OKS |
| Modifying agency |
DLC |
| 041 ## - LANGUAGE CODE |
| Language code of text/sound track or separate title |
eng |
| 042 ## - AUTHENTICATION CODE |
| Authentication code |
pcc |
| 080 ## - UNIVERSAL DECIMAL CLASSIFICATION NUMBER |
| Universal Decimal Classification number |
37 |
| 100 ## - Rafti |
| Rafti |
47 |
| 101 ## - Shkurtesa |
| Shkurtesa |
EDU |
| 245 00 - TITLE STATEMENT |
| Title |
Quantitative literacy : |
| Statement of responsibility, etc |
Bruce C. Crauder ... [et al.]. |
| 504 ## - BIBLIOGRAPHY, ETC. NOTE |
| Bibliography, etc |
Includes bibliographical references (p. C1-5) and indexes. |
| 906 ## - LOCAL DATA ELEMENT F, LDF (RLIN) |
| a |
7 |
| b |
cbc |
| c |
pccadap |
| d |
3 |
| e |
epcn |
| f |
20 |
| g |
y-gencatlg |
| 942 ## - ADDED ENTRY ELEMENTS (KOHA) |
| Source of classification or shelving scheme |
|
| Item type |
Books |